|
|
|
|
| LEADER |
01331nam a2200385 a 4500 |
| 001 |
000539779 |
| 003 |
CZ BrMZK |
| 005 |
20080312104415.0 |
| 007 |
ta |
| 008 |
000115s2000 xr e p cze d |
| 015 |
|
|
|a cnb000980399
|
| 020 |
|
|
|a 80-7042-174-6
|
| 035 |
|
|
|a (OCoLC)85010887
|
| 040 |
|
|
|a BOA001
|b cze
|
| 072 |
|
7 |
|a 811.162.3
|x Čeština
|2 Konspekt
|9 11
|
| 072 |
|
7 |
|a 37.016
|x Učební osnovy. Vyučovací předměty. Učebnice
|2 Konspekt
|9 22
|
| 080 |
|
|
|a 811.162.3
|2 MRF
|
| 080 |
|
|
|a 003.086
|2 MRF
|
| 080 |
|
|
|a (075.8)
|2 MRF
|
| 080 |
|
|
|a (076.5)
|2 MRF
|
| 100 |
1 |
|
|a Svobodová, Jana,
|d 1946-
|7 jn20010310263
|
| 245 |
1 |
0 |
|a Česká interpunkční cvičení s klíčem /
|c Jana Svobodová
|
| 250 |
|
|
|a 2., upr. vyd.
|
| 260 |
|
|
|a Ostrava :
|b Ostravská univerzita,
|c 2000
|
| 300 |
|
|
|a 59 s. ;
|c 30 cm
|
| 500 |
|
|
|a Bibliogr.
|
| 500 |
|
|
|a Určeno pro posluchače Pedagogické fakulty
|
| 650 |
0 |
7 |
|a čeština
|7 ph135292
|2 czenas
|
| 650 |
0 |
7 |
|a interpunkce
|7 ph216783
|2 czenas
|
| 655 |
|
7 |
|a učebnice vysokých škol
|7 fd133772
|2 czenas
|
| 655 |
|
7 |
|a praktická cvičení
|7 fd133118
|2 czenas
|
| 710 |
2 |
|
|a Ostravská univerzita.
|b Pedagogická fakulta
|7 kn20010709315
|
| 910 |
|
|
|a BOA001
|b 4-1079.166
|
| 990 |
|
|
|a BK
|
| 996 |
6 |
|
|b 2610124755
|c 4-1079.166
|l MZK
|r Sklad / do 1 hodiny
|n 1
|p p.v.
|w 000539779
|u 000010
|a 1
|e BOA001
|j MZK50
|s P
|